UM Logo

Resonance-free regions for diffractive trapping by conormal potentials / (Record no. 17943)

MARC details
000 -LEADER
fixed length control field 00707nam a22001817a 4500
008 - FIXED-LENGTH DATA ELEMENTS--GENERAL INFORMATION
fixed length control field 230207b ||||| |||| 00| 0 eng d
082 ## - DEWEY DECIMAL CLASSIFICATION NUMBER
Classification number DPer 510.5 Am351 October - December 2021 v143 no. 5-6
100 ## - MAIN ENTRY--PERSONAL NAME
Personal name Gannot, Oran.
Relator term author.
9 (RLIN) 47782
245 ## - TITLE STATEMENT
Title Resonance-free regions for diffractive trapping by conormal potentials /
Statement of responsibility, etc. Oran Gannot and Jared Wunsch
260 ## - PUBLICATION, DISTRIBUTION, ETC. (IMPRINT)
Place of publication, distribution, etc. Baltimore, MaryLand U.S.,
Name of publisher, distributor, etc. Johns Hopkins University Press,
Date of publication, distribution, etc. October 2021.
300 ## - PHYSICAL DESCRIPTION
Extent volume 143, pages 1339-1360.
650 ## - SUBJECT ADDED ENTRY--TOPICAL TERM
Topical term or geographic name as entry element Mathematics.
9 (RLIN) 47783
650 ## - SUBJECT ADDED ENTRY--TOPICAL TERM
Topical term or geographic name as entry element Functions.
9 (RLIN) 47784
650 ## - SUBJECT ADDED ENTRY--TOPICAL TERM
Topical term or geographic name as entry element Metric system.
9 (RLIN) 47732
700 ## - ADDED ENTRY--PERSONAL NAME
Personal name Gannot, Oran.
Relator term author.
9 (RLIN) 47782
700 ## - ADDED ENTRY--PERSONAL NAME
Personal name Wunsch, Jared.
Relator term author.
9 (RLIN) 47785
942 ## - ADDED ENTRY ELEMENTS (KOHA)
Source of classification or shelving scheme Dewey Decimal Classification
Koha item type Periodicals
Holdings
Withdrawn status Lost status Source of classification or shelving scheme Damaged status Not for loan Collection code Home library Current library Date acquired Total Checkouts Full call number Date last seen Price effective from Koha item type Public note
    Dewey Decimal Classification     Periodicals UM Digos College - LIC UM Digos College - LIC 02/07/2023   DPer 510.5 Am351 October - December 2021 v143 no. 5-6 02/07/2023 02/07/2023 Periodicals Periodical article